Русско-французский словарь: 25 000 слов

Dades bibliogràfiques
Autor principal: Потоцкая В. В. Варвара Васильевна
Altres autors: Потоцкая Н. П. Наталья Павловна
Sumari:Исключено из фонда НТБ ТПУ
Idioma:rus
francès
Publicat: Москва, Русский язык, 1979
Edició:15-е изд., стер.
Format: MixedMaterials Llibre
KOHA link:https://koha.lib.tpu.ru/cgi-bin/koha/opac-detail.pl?biblionumber=66328

MARC

LEADER 00000nam0a2200000 4500
001 66328
005 20231031071628.0
035 |a (RuTPU)RU\TPU\book\70496 
090 |a 66328 
100 |a 20040813d1979 km y0rusy50 ca 
101 0 |a rus  |a fre 
102 |a RU 
105 |a y e 001zy 
200 1 |a Русско-французский словарь  |e 25 000 слов  |f В. В. Потоцкая , Н. П. Потоцкая 
205 |a 15-е изд., стер. 
210 |a Москва  |c Русский язык  |d 1979 
215 |a 672 с. 
320 |a Библиогр.: с. 5. 
333 |a Исключено из фонда НТБ ТПУ 
700 1 |a Потоцкая  |b В. В.  |g Варвара Васильевна 
701 1 |a Потоцкая  |b Н. П.  |g Наталья Павловна 
801 1 |a RU  |b 63413507  |c 20030602  |g PSBO 
801 2 |a RU  |b 63413507  |c 20210127  |g PSBO 
942 |c BK